Strategy and the business landscape. Core concepts /

Bibliographic Details
Other Authors: Ghemawat, Pankaj, Collis, David J., Pisano, Gary P., Rivkin, Jan W.
Format: Book
Language:English
Published: Upper Saddle River, N.J. : Prentice Hall, [2001]
Edition:1st ed.
Subjects:

MARC

Tag First Indicator Second Indicator Subfields
LEADER 00000cam a22000004a 4500
001 in00001593921
005 20151023050256.0
008 000421s2001 njua b 001 0 eng
010 |a  00032629  
020 |a 0130289760 
035 |a (OCoLC)ocm43945377 
040 |a DLC  |c DLC  |d C#P  |d UtOrBLW 
042 |a pcc 
049 |a TXAS 
050 0 0 |a HD30.28  |b .S73967 2001 
082 0 0 |a 658.4/012  |2 21 
245 0 0 |a Strategy and the business landscape.  |p Core concepts /  |c Pankaj Ghemawat, with David J. Collis, Gary P. Pisano, Jan W. Rivkin. 
250 |a 1st ed. 
264 1 |a Upper Saddle River, N.J. :  |b Prentice Hall,  |c [2001] 
264 4 |c ©2001 
300 |a xi, 143 pages :  |b illustrations ;  |c 24 cm. 
336 |a text  |b txt  |2 rdacontent 
337 |a unmediated  |b n  |2 rdamedia 
338 |a volume  |b nc  |2 rdacarrier 
504 |a Includes bibliographical references and indexes. 
650 0 |a Strategic planning. 
650 0 |a Industrial management. 
700 1 |a Ghemawat, Pankaj. 
700 1 |a Collis, David J. 
700 1 |a Pisano, Gary P. 
700 1 |a Rivkin, Jan W. 
945 |i PromptCat 
948 |a cataloged  |b h  |c 2001/4/2  |d c  |e mphillip  |f 3:55:56 pm 
994 |a 92  |b TXA 
999 |a MARS 
999 f f |s 67478490-e9af-33c8-9b2b-4bd7dacb119b  |i 4268d961-5ed5-30d5-ae6c-fc67d1d09fd4  |t 0 
952 f f |p ric  |a Texas A&M University  |b Rellis Campus  |c Joint Library Facility  |d Remote Storage  |t 0  |e HD30.28 .S73967 2001  |h Library of Congress classification  |i unmediated -- volume  |m A14827491740 
998 f f |a HD30.28 .S73967 2001  |t 0  |l Remote Storage